000 00329pab a2200145 454500
008 180718b1995 xxu||||| |||| 00| 0 eng d
100 _aGhate, Prabhu
245 _aRoads
_bto BOT or not to BOT.
260 _c1995
300 _ap.8
362 _a22 May
650 _aRoads - India
773 _aEconomic Times
909 _a28975
999 _c28975
_d28975